| 000 | 00344nam a22001457a 4500 | ||
|---|---|---|---|
| 003 | OSt | ||
| 005 | 20160727222359.0 | ||
| 008 | 160623b xxu||||| |||| 00| 0 eng d | ||
| 040 | _cTEST | ||
| 100 |
_9643 _aKengshi, S, |
||
| 245 | _aJourney to the Sun | ||
| 260 |
_aCHINA _bFORIENG LANGUAGE _c1981 |
||
| 300 | _aJourney to the Sun | ||
| 942 |
_2ddc _cBK |
||
| 999 |
_c525 _d525 |
||